000 00666nam a2200169Ia 4500
008 090711s9999 xx 000 0 und d
082 _b152
100 _aदाशरथे अनंत
245 _aभारतीय संविधान रSाना व शास्त्र
260 _bपरिमल प्रकाशन
_c1999
300 _a191
600 _aदाशरथे अनंत
630 _aभारतीय संविधान रSाना व शास्त्र
700 _aदाशरथे अनंत
730 _aभारतीय संविधान रSाना व शास्त्र
942 _cBOOK
999 _c335040
_d335040